Religious Affiliations of U.S. Presidents - Statistics

General Stats
  • This quiz has been taken 1,508 times
    1,091 since last reset
  • The average score is 5 of 11
Answer Stats
President(s) Religious Affiliation/Denomination % Correct
John F. Kennedy, Joe Biden Roman Catholic
94%
Warren Harding, Harry Truman, Jimmy Carter, Bill Clinton Baptist
74%
George Washington, James Madison, James Monroe, William Henry Harrison, John Tyler, Zachary Taylor, Franklin Pierce, Chester A. Arthur, Franklin D. Roosevelt, Gerald Ford, George H.W. Bush Episcopalian
53%
James Polk, William McKinley, George W. Bush, Ulysses S. Grant Methodist
53%
Donald Trump, Ronald Reagan, Dwight Eisenhower, Woodrow Wilson, Benjamin Harrison, Grover Cleveland, James Buchanan, Andrew Jackson Presbyterian
40%
Herbert Hoover, Richard Nixon Quaker
38%
Barack Obama, Rutherford Hayes, Andrew Johnson, Abraham Lincoln, Thomas Jefferson Unaffiliated/Unspecified Protestant/Unclear
37%
Martin Van Buren, Theodore Roosevelt Dutch Reformed
32%
John Adams, John Quincy Adams, Millard Fillmore, William Howard Taft Unitarian
20%
Calvin Coolidge Congregationalist
12%
James Garfield, Lyndon Johnson Disciples of Christ
12%
No matching quizzes found
Score Distribution
Percent of People with Each Score
Percentile by Number Answered
Your Score History
You have not taken this quiz since the last reset